[Event "CSR-ch"]
[Site "Trnava"]
[Date "1980.??.??"]
[Round "1"]
[White "Ftacnik, Lubomir"]
[Black "Trapl, Jindrich"]
[Result "1/2-1/2"]
[WhiteElo "2470"]
[BlackElo "2380"]

1.Nf3 d5 2.d4 Nf6 3.c4 dxc4 4.e3 e6 5.Bxc4 c5 6.O-O cxd4 7.exd4 Be7 8.Nc3 a6
9.a4 Nc6 10.Bg5 O-O 11.Re1 Qa5 12.d5 Rd8 13.Bd2 Qc5 14.dxc6 Qxc4 15.Ne5 Qh4
16.Qe2 Bd6 17.Rad1 bxc6 18.Be3 Bb7 19.Bb6 Bxe5 20.Qxe5 Rxd1 21.Rxd1 c5 22.Bxc5 Qg4  1/2-1/2

[Event "Tirnavia-A"]
[Site "Trnava"]
[Date "1980.??.??"]
[Round "2"]
[White "Pavlov, Mircea"]
[Black "Banas, Jan"]
[Result "1/2-1/2"]
[WhiteElo "2400"]
[BlackElo "2365"]

1.d4 d5 2.c4 dxc4 3.Nf3 Nf6 4.e3 e6 5.Bxc4 c5 6.O-O a6 7.Qe2 b5 8.Bd3 Bb7
9.dxc5 Bxc5 10.Rd1 Nbd7 11.b3 O-O 12.Bb2 Qe7 13.Nbd2 Ba3 14.Nf1 Bxb2 15.Qxb2 Rfd8
16.Rac1 Rac8  1/2-1/2

[Event "Politiken Cup"]
[Site "Copenhagen"]
[Date "1981.??.??"]
[Round "1"]
[White "Rosenlund, Thorbjorn"]
[Black "Radulov, Ivan"]
[Result "1/2-1/2"]
[WhiteElo "2305"]
[BlackElo "2450"]

1.Nf3 d5 2.d4 Nf6 3.c4 dxc4 4.e3 e6 5.Bxc4 c5 6.O-O a6 7.a3 Qc7 8.dxc5 Bxc5
9.Nbd2 b5 10.Bd3 Bb7 11.b4 Bd6 12.Bb2 Nbd7 13.Rc1 Qb8 14.e4 O-O 15.Qe2 Ng4
16.h3 Nge5 17.Bb1 Rc8 18.Rxc8+ Qxc8 19.Rc1 Qd8 20.Nxe5 Bxe5 21.Nb3 Bxb2 22.Qxb2 Rc8
23.Rd1 Qc7 24.Qd4 Bc6 25.Na5 e5 26.Qd3 Nf6 27.Rc1 Qd7 28.Nxc6 Rxc6 29.Rxc6 Qxc6
30.Qd8+ Ne8 31.Qe7 Qe6 32.Qxe6 fxe6 33.f3 Kf7 34.Kf2 Kf6 35.Ke3 g5 36.Ba2 h5
37.g3 h4 38.gxh4 gxh4 39.Bb1 Nd6 40.Bd3 Kg5 41.Be2 Nc8 42.Bd1 Ne7 43.a4 Nc6
44.axb5 axb5 45.Be2 Nxb4 46.Bxb5 Nc2+ 47.Kf2 Kf4 48.Be8 Nb4 49.Bf7 Nd3+ 50.Ke2 Nc5
51.Kf2 Nd3+ 52.Ke2 Nc5 53.Kf2 Kg5 54.Ke3 Kf6 55.Bh5 Nb7 56.f4 Nd6 57.Be2 Nf7
58.Kf3 Nh6 59.Bc4  1/2-1/2

[Event "Politiken Cup"]
[Site "Copenhagen"]
[Date "1981.??.??"]
[Round "3"]
[White "Hoi, Carsten"]
[Black "Berg, Klaus"]
[Result "1/2-1/2"]
[WhiteElo "2425"]
[BlackElo "2305"]

1.d4 d5 2.c4 dxc4 3.Nf3 Nf6 4.e3 e6 5.Bxc4 c5 6.O-O Nc6 7.Nc3 cxd4 8.exd4 Be7
9.a3 O-O 10.Qd3 b6 11.Bg5 Bb7 12.Bb3 Rc8 13.Bc2 g6 14.Rad1 Nd5 15.Bh6 Re8
16.Ba4 Bf8 17.Bg5 Be7 18.Bc1 a6 19.Nxd5 Qxd5 20.Bb3 Qd8 21.d5 exd5 22.Bxd5 Na5  1/2-1/2

[Event "NZD-ch"]
[Site "Lincoln"]
[Date "1981.??.??"]
[Round "5"]
[White "Green, Ewen M"]
[Black "Small, Vernon A"]
[Result "1/2-1/2"]
[WhiteElo "2335"]
[BlackElo "2345"]

1.d4 d5 2.c4 dxc4 3.Nf3 Nf6 4.e3 e6 5.Bxc4 c5 6.dxc5 Qxd1+ 7.Kxd1 Bxc5 8.Nc3 a6
9.b3 b5 10.Bd3 Bb7 11.Bb2 Nbd7 12.Rc1 Bb4 13.Ke2 O-O 14.Rhd1 Nc5 15.Bb1 Rfd8
16.Rxd8+ Rxd8 17.Rd1  1/2-1/2

[Event "Ljubljana"]
[Site "Ljubljana"]
[Date "1981.??.??"]
[Round "2"]
[White "Jelen, Iztok"]
[Black "Barle, Janez"]
[Result "1/2-1/2"]
[WhiteElo "2415"]
[BlackElo "2410"]

1.d4 d5 2.c4 dxc4 3.Nf3 Nf6 4.e3 e6 5.Bxc4 c5 6.O-O cxd4 7.exd4 Nc6 8.Nc3 Be7
9.Qe2 O-O 10.Rd1 Na5 11.Bd3 b6 12.Bg5 Bb7 13.Ne5 Nd5 14.Bd2 Bg5 15.Be4 Bxd2
16.Rxd2 Nxc3 17.bxc3 Bxe4 18.Qxe4 Rc8 19.Rd3 Qd5 20.Qxd5 exd5 21.Ng4 Nc4
22.Ne3 Nxe3 23.Rxe3 Rfe8 24.Rxe8+ Rxe8 25.Kf1 f6 26.Rb1 Kf7 27.Rb5 Ke6 28.Ke2 Kd6+
29.Kd2 Kc6 30.Rb1 b5 31.Kd3 a6 32.Kd2 Kb6 33.a4 Re7 34.Kd3 Re8  1/2-1/2

[Event "Lvov"]
[Site "Lvov"]
[Date "1981.??.??"]
[Round "1"]
[White "Dorfman, Josif D"]
[Black "Lerner, Konstantin Z"]
[Result "1/2-1/2"]
[WhiteElo "2505"]
[BlackElo "2520"]

1.d4 d5 2.c4 dxc4 3.Nf3 Nf6 4.e3 e6 5.Bxc4 c5 6.O-O a6 7.dxc5 Qxd1 8.Rxd1 Bxc5
9.a3 Ke7 10.b4 Bd6 11.Bb2 b5 12.Be2 Nbd7 13.Nbd2 Bb7 14.Nb3 Rac8 15.Nfd4 Rc7
16.Na5 Ba8 17.Bxb5 axb5 18.Nxb5 Bd5 19.Nxc7 Bxc7 20.f3 Bxa5 21.bxa5 Ra8 22.Bc3 Ne8
23.e4 Bc6 24.Rac1 Ra6 25.Kf2 Kd8 26.g4 Kc7 27.h4 Nd6 28.Bxg7 Rxa5 29.Bc3 Ra6
30.Bb4 Nb5 31.g5 e5 32.Rd3 Kb7 33.Ke3 Ra8 34.Kf2 Nd4 35.Bd6 Ra5 36.Rb1+ Ka6
37.Rc3 Rb5 38.Rxb5 Kxb5 39.Ke3 Ne6 40.Rb3+ Ka6 41.Rc3 Kb6 42.Rb3+ Ka6 43.Kf2 Nd4
44.Rd3 Ne6 45.Kg3 Nf4 46.Rd2 Bb5 47.Bb4 Bd3 48.Rd1 Kb5 49.Kg4 Bc4 50.Bd2 Ne6
51.Kg3 Ba2 52.Kf2 Nd4 53.Be3 Bb3 54.Rh1  1/2-1/2

[Event "Lvov"]
[Site "Lvov"]
[Date "1981.??.??"]
[Round "3"]
[White "Rashkovsky, Nukhim N"]
[Black "Flesch, Janos"]
[Result "1-0"]
[WhiteElo "2535"]
[BlackElo "2435"]

1.Nf3 d5 2.d4 Nf6 3.c4 dxc4 4.e3 e6 5.Bxc4 c5 6.O-O cxd4 7.exd4 Be7 8.Qe2 Nc6
9.Rd1 O-O 10.Nc3 Na5 11.Bd3 b6 12.Bg5 Bb7 13.Rac1 Nd5 14.Qe4 g6 15.Qh4 f6
16.Bh6 Nxc3 17.bxc3 Bxf3 18.gxf3 f5 19.Qg3 Re8 20.Bb5 Bh4 21.Qf4 g5 22.Qe5 Re7
23.Kh1 Qd5 24.Qxd5 exd5 25.Rg1 Kf7 26.Bxg5 Bxg5 27.Rxg5 Kf6 28.Rcg1 Nc4 29.Rh5 Rf7
30.Rh6+ Ke7 31.Re1+ Kf8 32.Bxc4 dxc4 33.Rc6 Re8 34.Rxe8+ Kxe8 35.Rxc4 Kd7
36.Kg2 Rg7+ 37.Kf1 Rg6 38.d5 Kd6 39.Rd4 Rh6 40.h4 Kc5 41.Ke2 f4 42.Kd3 Kd6
43.Rxf4 Kxd5 44.a4 Ke5 45.Re4+ Kf5 46.c4 Kf6 47.Rf4+ Ke6 48.Kc3 Rh5 49.Kb4 Ke5
50.Re4+ Kd6 51.Rg4 Rf5 52.f4 a5+ 53.Kc3 h5 54.Rg6+ Kc7 55.Rg7+ Kc6 56.Rg6+ Kb7
57.Rg5 Rxf4 58.Rxh5 Rxf2 59.Re5 Rf4 60.h5 Rh4 61.Re7+ Kb8 62.Rh7 Ka8 63.h6 Kb8
64.Kd3 Ka8 65.Ke3 Kb8 66.Kf3 Rh1 67.Kf4 Rf1+ 68.Ke5 Rh1 69.Kd5 Rh4 70.Kc6 Rxc4+
71.Kxb6 Rb4+ 72.Kxa5 Rh4 73.Kb5 Rh1 74.a5 Rh2 75.Kb6 Rb2+ 76.Ka6 Rh2 77.Rh8+ Kc7
78.Ka7 Rh4 79.a6  1-0

[Event "Malaga"]
[Site "Malaga"]
[Date "1981.??.??"]
[Round "3"]
[White "Ivkov, Borislav"]
[Black "Vera, Reynaldo"]
[Result "1/2-1/2"]
[WhiteElo "2540"]
[BlackElo "2455"]

1.d4 d5 2.c4 dxc4 3.Nf3 Nf6 4.e3 c5 5.Bxc4 e6 6.O-O a6 7.dxc5 Bxc5 8.Qe2 b5
9.Bd3 Nbd7 10.a3 Bb7 11.Rd1 Qb8 12.Nbd2 Bd6 13.h3 Nc5 14.Bc2 Nce4 15.Nxe4 Nxe4
16.Nd2 Nf6 17.e4 O-O 18.Nf3  1/2-1/2

[Event "US op"]
[Site "Palo Alto"]
[Date "1981.??.??"]
[Round "7"]
[White "Kastner, Jeffrey"]
[Black "Lemon, RC."]
[Result "1/2-1/2"]
[WhiteElo "2344"]
[BlackElo "2145"]

1.d4 d5 2.Nf3 Nf6 3.c4 dxc4 4.e3 e6 5.Bxc4 c5 6.O-O a6 7.Qe2 b5 8.Bd3 Bb7
9.Rd1 Nbd7 10.a4 cxd4 11.exd4 Be7 12.axb5 axb5 13.Rxa8 Qxa8 14.Bxb5 O-O 15.Ne5 Nb6
16.f3 Bd5 17.Nc3 Bb3 18.Re1 Rc8 19.Bd3 Nbd5 20.Nxd5 Qxd5 21.Be3 Bd8 22.Qf2 Bb6
23.Qh4 Qd8 24.Ng4 h6 25.Nxf6+ Qxf6 26.Qxf6 gxf6 27.Ra1 e5 28.Ra6 Bxd4 29.Bxd4 exd4
30.Rd6 Bc2 31.Bf1 Rb8 32.Rxd4 Rxb2 33.Rd2 Ra2  1/2-1/2

[Event "Bohemians"]
[Site "Prague"]
[Date "1981.??.??"]
[Round "?"]
[White "Dobosz, Henryk"]
[Black "Szymczak, Zbigniew"]
[Result "0-1"]
[WhiteElo "2360"]
[BlackElo "2395"]

1.d4 d5 2.c4 dxc4 3.Nf3 Nf6 4.e3 e6 5.Bxc4 c5 6.O-O a6 7.Nc3 b5 8.Bb3 Bb7
9.Qe2 Nbd7 10.Rd1 Qb8 11.e4 cxd4 12.Nxd4 Bd6 13.e5 Bxe5 14.Bxe6 fxe6 15.Nxe6 Kf7
16.Ng5+ Kg8 17.f4 h6 18.Nf3 Bxf3  0-1

[Event "Sarajevo"]
[Site "Sarajevo"]
[Date "1981.??.??"]
[Round "14"]
[White "Kurajica, Bojan"]
[Black "Osmanovic, Kemal"]
[Result "1/2-1/2"]
[WhiteElo "2495"]
[BlackElo "2395"]

1.d4 d5 2.Nf3 Nf6 3.c4 dxc4 4.e3 e6 5.Bxc4 c5 6.O-O a6 7.a4 Nc6 8.Nc3 cxd4
9.exd4 Be7 10.Bg5 O-O 11.Re1 Nb4 12.Qb3 Nc6 13.Rad1 Na5 14.Qa2 Nxc4 15.Qxc4 Bd7
16.d5 exd5 17.Nxd5 Nxd5 18.Qxd5 Bxg5 19.Qxb7 Rb8 20.Qxd7 Qxd7 21.Rxd7 Bf6
22.Ra7 Rb6 23.g3 g6 24.a5 Rxb2 25.Rxa6 Kg7 26.Ra7 Rc8 27.Rd1 Rd8 28.Rxd8 Bxd8
29.Ne5 Ra2 30.Nc6 Bf6 31.Kf1 Bc3 32.a6 Ra1+ 33.Ke2 Ra2+ 34.Kd3 Be1 35.f4 Rxh2
36.Ne5 Ra2 37.g4 Bg3 38.Rxf7+ Kg8 39.Ra7 Bxf4 40.Nc6 Bh2 41.g5 Bg1 42.Ra8+  1/2-1/2

[Event "HUN-ch"]
[Site "Budapest"]
[Date "1982.??.??"]
[Round "?"]
[White "Gyorkos, Lajos"]
[Black "Sinkovics, Peter"]
[Result "1/2-1/2"]
[WhiteElo "2240"]
[BlackElo "2270"]

1.d4 d5 2.c4 dxc4 3.Nf3 Nf6 4.e3 e6 5.Bxc4 c5 6.O-O a6 7.a4 Qc7 8.Qe2 Nc6
9.Rd1 Bd6 10.dxc5 Bxc5 11.Na3 O-O 12.Nc2 e5 13.e4 Ng4 14.Rf1 Kh8 15.h3 Nf6
16.Bd2 Nh5 17.Kh1 Nf4 18.Bxf4 exf4 19.Rad1 Be6 20.Bxe6 fxe6 21.Ng5 Qe7 22.Nf3  1/2-1/2

[Event "Esbjerg-B"]
[Site "Esbjerg"]
[Date "1982.??.??"]
[Round "2"]
[White "Flear, Glenn C"]
[Black "Rodgaard, John"]
[Result "1/2-1/2"]
[WhiteElo "2390"]
[BlackElo "2325"]

1.d4 d5 2.c4 dxc4 3.Nf3 Nf6 4.e3 e6 5.Bxc4 c5 6.O-O a6 7.a4 b6 8.Qe2 Bb7
9.Rd1 Qc7 10.Nc3 Nc6 11.d5 exd5 12.Nxd5 Nxd5 13.Bxd5 Be7 14.b3 Bf6 15.Bb2 Bxb2
16.Qxb2 O-O 17.Rd2 Na5 18.Rad1 Bxd5 19.Rxd5 Rad8 20.Qc2 h6 21.Ne5 Rxd5 22.Rxd5 Rd8
23.Qd3 Rxd5 24.Qxd5 Nxb3 25.Ng6 Kh7 26.Nf8+ Kg8 27.Qa8 Qd6 28.Ne6+  1/2-1/2

[Event "Gausdal Jubilee"]
[Site "Gausdal"]
[Date "1982.??.??"]
[Round "5"]
[White "Sjoberg, Mats"]
[Black "Berg, Klaus"]
[Result "1/2-1/2"]
[WhiteElo "2380"]
[BlackElo "2295"]

1.d4 d5 2.c4 dxc4 3.Nf3 Nf6 4.e3 e6 5.Bxc4 c5 6.O-O Nc6 7.Qe2 cxd4 8.exd4 Be7
9.Rd1 O-O 10.Nc3 Na5 11.Bd3 b6 12.Bf4 Bb7 13.Rac1 Rc8 14.Bg3 g6 15.Ba6 Qd7
16.Ne5 Bxa6 17.Qxa6 Qb7 18.Qxb7 Nxb7 19.Nb5 a6 20.Nc6 Nd5 21.Nc7 Bg5 22.Nxd5 exd5
23.Bf4 Na5 24.Bxg5 Rxc6 25.Rxc6 Nxc6 26.Kf1 Rc8 27.Rc1 Ne7 28.Re1 Nc6 29.Rc1 Kg7
30.Rc3 f6 31.Bf4 Kf7 32.g4 g5 33.Bd6 Ke6 34.Ba3 f5 35.Rb3 b5 36.gxf5+ Kxf5
37.Bc5 Re8 38.Rf3+ Kg6 39.Ra3 a5 40.Rb3 b4 41.Rf3  1/2-1/2

[Event "Bundesliga 8182"]
[Site "Germany"]
[Date "1982.??.??"]
[Round "?"]
[White "Bialas, Wolfram"]
[Black "Heinbuch, Detlef"]
[Result "1-0"]
[WhiteElo "2340"]
[BlackElo "2300"]

1.d4 d5 2.Nf3 Nf6 3.c4 dxc4 4.e3 e6 5.Bxc4 c5 6.O-O a6 7.a4 Nc6 8.Qe2 cxd4
9.Rd1 Qc7 10.exd4 Be7 11.Nc3 O-O 12.Ne5 Rd8 13.Nxc6 bxc6 14.a5 Bb7 15.Be3 Nd5
16.Ne4 e5 17.dxe5 Nxe3 18.Qxe3 Qxe5 19.b4 Bxb4 20.Bxf7+ Kh8 21.Bc4 h6 22.Rab1 c5
23.Nd6 Qxe3 24.fxe3 Rdb8 25.Nxb7 Rxb7 26.Bd5 Rba7 27.Bxa8 Rxa8 28.Rd5 Bxa5
29.Rxc5 Bd2 30.Kf2 Re8 31.Rb3 a5 32.Rd3 Bb4 33.Rcd5 Kh7 34.Rb5 Re6 35.Rd4 Kg6
36.h4 Ra6 37.h5+ Kf6 38.Rg4 Ra7 39.Rg6+ Kf7 40.Rgb6 Be7 41.Rb7 Rxb7 42.Rxb7 a4
43.Ra7 a3 44.Kf3 Kf6 45.Ra6+ Ke5 46.Ra5+ Kf6 47.Ke4 Ke6 48.Ra7 Kf6 49.Kd5 Bb4
50.e4 Be7 51.e5+  1-0

[Event "Luzern ol (Men)"]
[Site "Luzern"]
[Date "1982.??.??"]
[Round "9"]
[White "Ardiansyah, Haji"]
[Black "Radulov, Ivan"]
[Result "1/2-1/2"]
[WhiteElo "2435"]
[BlackElo "2480"]

1.c4 e6 2.d4 d5 3.Nf3 dxc4 4.e3 c5 5.Bxc4 Nf6 6.O-O Qc7 7.Qe2 Nc6 8.dxc5 Bxc5
9.a3 O-O 10.b4 Bd6 11.Bb2 Ng4 12.h3 Nge5 13.Nbd2 a6 14.Rac1 Bd7 15.Ba2 Nxf3+
16.Nxf3 Rad8 17.Rfd1 Bc8 18.Bb1 Qe7  1/2-1/2

[Event "Moscow-ch"]
[Site "Moscow"]
[Date "1982.??.??"]
[Round "11"]
[White "Averbakh, Yuri L"]
[Black "Suetin, Alexey S"]
[Result "1/2-1/2"]
[WhiteElo "2490"]
[BlackElo "2450"]

1.d4 d5 2.c4 dxc4 3.Nf3 Nf6 4.e3 e6 5.Bxc4 c5 6.O-O a6 7.dxc5 Qxd1 8.Rxd1 Bxc5
9.Nbd2 Nc6 10.Nb3 Bb6 11.Bd2 Bd7 12.Rac1 Ke7 13.Nbd4 Rhd8 14.Nxc6+ Bxc6 15.Ne5 Bd5
16.Bxd5 Rxd5 17.Bb4+ Ke8 18.Nc4 Rxd1+ 19.Rxd1 Bc7 20.b3 Nd5  1/2-1/2

[Event "Reykjavik op"]
[Site "Reykjavik"]
[Date "1982.??.??"]
[Round "?"]
[White "Bjarnason, Saevar"]
[Black "Angantysson, Haukur"]
[Result "1/2-1/2"]
[WhiteElo "2290"]
[BlackElo "2400"]

1.d4 d5 2.c4 dxc4 3.Nf3 Nf6 4.e3 e6 5.Bxc4 c5 6.O-O Nc6 7.Qe2 a6 8.Rd1 b5
9.Bd3 c4 10.Bc2 Nb4 11.b3 Nxc2 12.Qxc2 cxb3 13.Qxb3 Be7 14.Nbd2 O-O 15.e4 Bb7
16.Re1 Qc7 17.Bb2 Rac8 18.Rac1 Qb8 19.Qd3 h6 20.Nb3 Rxc1 21.Bxc1 Qc7 22.Bb2 Qc4
23.Qb1 Bb4 24.Nfd2 Bxd2 25.Nxd2 Qb4 26.Re2 Rc8 27.f3 a5 28.Nf1 a4 29.a3 Qb3
30.Re3 Qc2 31.Qxc2 Rxc2 32.Bc3 Nh5 33.g3 f5 34.Bb4 fxe4 35.fxe4 Nf6 36.Nd2 h5
37.h3 Kh7 38.Re2 Kg6 39.Re3 Kh6 40.Re1 h4 41.gxh4 Kh5 42.Re3 Kxh4 43.Nf3+ Kh5
44.Nd2 g5 45.Kf1 Kg6 46.Ke1 Rc1+ 47.Kf2 Nh5 48.Rf3 Rc2 49.Ke1 Rc1+ 50.Kf2 Nf6
51.Be7 Nh5 52.Bb4 Rc8 53.Bc5 Nf6 54.Ke3 Nd7 55.Bb4 Rh8 56.Rg3 Rh4 57.Nf3 Rxe4+
58.Kd3 g4 59.hxg4 Rf4 60.Ne5+ Nxe5+ 61.dxe5  1/2-1/2

[Event "Reykjavik op"]
[Site "Reykjavik"]
[Date "1982.??.??"]
[Round "?"]
[White "Zaltsman, Vitaly F"]
[Black "Bjarnason, Saevar"]
[Result "1/2-1/2"]
[WhiteElo "2405"]
[BlackElo "2290"]

1.d4 d5 2.c4 dxc4 3.Nf3 Nf6 4.e3 e6 5.Bxc4 c5 6.O-O Nc6 7.Qe2 cxd4 8.Rd1 Be7
9.exd4 O-O 10.Nc3 Na5 11.Bd3 b6 12.Bg5 Bb7 13.Bc2 Nd5 14.Bd2 Rc8 15.Ne5 Nc6
16.Qe4 Nf6 17.Nxc6 Bxc6 18.Qh4 g6 19.Qh3 Qd7 20.Bf4 b5 21.a3 a5 22.Bb3 Qb7
23.Be5 b4 24.axb4 axb4 25.Na4 Nd7 26.Bf4 Bd5 27.Rac1 Rfe8 28.Qg3 Bf6 29.h3 h5
30.Nc5 Nxc5 31.Rxc5 Be4 32.Rxc8 Rxc8 33.Be5 Be7 34.Qf4 g5 35.Qg3 Kh7 36.Re1 Bg6
37.Qe3 Qb5 38.Rd1 Rd8 39.Rc1 Rd7 40.Ra1 Qb7 41.Rc1 Bd8 42.Ba4 f6 43.Bxd7 Qxd7
44.Bh2 Bb6 45.Qd2 Qxd4  1/2-1/2

[Event "JUG-ch"]
[Site "Vrbas"]
[Date "1982.??.??"]
[Round "?"]
[White "Rajkovic, Dusan"]
[Black "Marjanovic, Slavoljub"]
[Result "0-1"]
[WhiteElo "2460"]
[BlackElo "2515"]

1.d4 d5 2.c4 dxc4 3.Nf3 Nf6 4.e3 e6 5.Bxc4 c5 6.O-O a6 7.Qe2 cxd4 8.exd4 Nc6
9.Rd1 Be7 10.Nc3 Na5 11.Bd3 b5 12.Bg5 Bb7 13.Bxf6 Bxf6 14.d5 Qb6 15.Ne4 Bxd5
16.Nxf6+ gxf6 17.Bxh7 Rd8 18.Be4 Bxe4 19.Qxe4 Rh5 20.h4 Rhd5 21.Rxd5 Rxd5
22.Re1 Kf8 23.Qb4+ Ke8 24.Qg4 Qd6 25.h5 Nc6 26.a4 Qb4 27.Qg8+ Ke7 28.Rc1 Qf4
29.Re1 Rxh5 30.Qa8 Qh6 31.Kf1 Rh1+ 32.Ng1 Qh2 33.Ke2 Qe5+ 34.Kd2 Qxb2+ 35.Ke3 Qc3+  0-1

[Event "URS-ch sf"]
[Site "Yaroslav"]
[Date "1982.??.??"]
[Round "?"]
[White "Razuvaev, Yuri S"]
[Black "Chekhov, Valery A"]
[Result "1/2-1/2"]
[WhiteElo "2485"]
[BlackElo "2460"]

1.d4 Nf6 2.Nf3 d5 3.c4 dxc4 4.e3 e6 5.Bxc4 c5 6.O-O a6 7.a4 cxd4 8.exd4 Nc6
9.Nc3 Be7 10.Bg5 O-O 11.Re1 Nb4 12.Qe2 Nfd5 13.Bxe7 Nxe7 14.Rad1 Nbd5 15.Ne5 Bd7
16.Bxd5 Nxd5 17.Nxd5 exd5 18.Nxd7  1/2-1/2

[Event "Yerevan"]
[Site "Yerevan"]
[Date "1982.??.??"]
[Round "10"]
[White "Farago, Ivan"]
[Black "Bagirov, Vladimir"]
[Result "1/2-1/2"]
[WhiteElo "2485"]
[BlackElo "2495"]

1.d4 d5 2.c4 dxc4 3.Nf3 Nf6 4.e3 e6 5.Bxc4 c5 6.O-O a6 7.a4 Nc6 8.Nc3 cxd4
9.exd4 Be7 10.Re1 O-O 11.Bg5  1/2-1/2

[Event "Yerevan"]
[Site "Yerevan"]
[Date "1982.??.??"]
[Round "13"]
[White "Petrosian, Arshak B"]
[Black "Tal, Mihail"]
[Result "1/2-1/2"]
[WhiteElo "2485"]
[BlackElo "2605"]

1.d4 d5 2.c4 dxc4 3.Nf3 Nf6 4.e3 e6 5.Bxc4 c5 6.O-O a6 7.a4 Nc6 8.Qe2 Be7
9.Rd1 O-O 10.Nc3 Qc7 11.d5 exd5 12.Nxd5 Nxd5 13.Bxd5 Bg4 14.h3 Bh5 15.b3 Bf6
16.Bb2 Bxb2 17.Qxb2 Nb4 18.Bc4 Rad8 19.Be2 b6  1/2-1/2

[Event "Bayamo"]
[Site "Bayamo"]
[Date "1983.??.??"]
[Round "?"]
[White "Hernandez, Roman"]
[Black "Garcia Gonzales, Guillermo"]
[Result "1/2-1/2"]
[WhiteElo "2435"]
[BlackElo "2515"]

1.d4 d5 2.c4 dxc4 3.Nf3 Nf6 4.e3 c5 5.Bxc4 e6 6.O-O a6 7.dxc5 Qxd1 8.Rxd1 Bxc5
9.a3 b5 10.Be2 Nc6 11.b4 Be7 12.Bb2 Bb7 13.Nbd2  1/2-1/2

[Event "Buenos Aires"]
[Site "Buenos Aires"]
[Date "1983.??.??"]
[Round "1"]
[White "Schweber, Samuel"]
[Black "Hase, Juan C"]
[Result "1/2-1/2"]
[WhiteElo "2420"]
[BlackElo "2415"]

1.d4 d5 2.c4 dxc4 3.Nf3 Nf6 4.e3 e6 5.Bxc4 c5 6.O-O a6 7.a4 Nc6 8.Qe2 cxd4
9.Rd1 Be7 10.exd4 O-O 11.Nc3 Nd5 12.Ne5 Ncb4 13.Nd3 Bf6 14.Nxb4 Nxb4 15.Bf4 Nd5
16.Bxd5 exd5 17.Be5 Be7 18.Bc7 Qd7 19.Nxd5 Qxd5 20.Qxe7 Bg4 21.f3 Rfe8 22.Qd6 Be6
23.Qxd5 Bxd5 24.Rdc1 Re2 25.Rc5 Bb3 26.d5 Rd2 27.d6 Re8 28.h4 Ree2  1/2-1/2

[Event "Capablanca mem-B"]
[Site "Cienfuegos"]
[Date "1983.??.??"]
[Round "?"]
[White "Lukov, Valentin"]
[Black "Garcia Palermo, Carlos"]
[Result "1-0"]
[WhiteElo "2430"]
[BlackElo "2455"]

1.d4 d5 2.Nf3 Nf6 3.c4 dxc4 4.e3 e6 5.Bxc4 c5 6.O-O a6 7.a4 Nc6 8.Qe2 cxd4
9.Rd1 Be7 10.exd4 O-O 11.Nc3 Nd5 12.Ne5 Nxc3 13.bxc3 Nxe5 14.Qxe5 Bd7 15.Bb2 Bf6
16.Qe2 Qa5 17.Bb3 Bc6 18.c4 Rad8 19.Rd3 Rfe8 20.Rad1 b5 21.axb5 axb5 22.c5 Bd5
23.Bxd5 Rxd5 24.Rb3 Red8 25.Rxb5 Qc7 26.g3 g6 27.Qf3 Kg7 28.Rc1 h5 29.Qb3 h4
30.Rb7 Qc6 31.Rb6 Qc7 32.c6 h3 33.Rb7 Qa5 34.Qb4 Qxb4 35.Rxb4 Rc8 36.Kf1 Rd6
37.Rbc4 Rd5 38.Ke2 e5 39.dxe5 Bxe5 40.Bxe5+ Rxe5+ 41.Kf3 f5 42.c7 Kf6 43.Rc6+ Kg5
44.R1c3 Re7 45.R6c4 Rf7 46.Rc5 Kh6 47.Rc2 Rd7 48.g4 Rd3+ 49.Ke2 Rd7 50.gxf5 gxf5
51.R2c3 Kg5 52.Kf3 Kf6 53.R3c4 Rg7 54.Rc6+ Ke7 55.Rd4 Rg1 56.Rc2 Rg2 57.Re2+ Kf6
58.Rd6+ Kf7  1-0

[Event "Marshall CC-ch"]
[Site "New York"]
[Date "1983.??.??"]
[Round "3"]
[White "Zaltsman, Vitaly F"]
[Black "Agree, A."]
[Result "1-0"]
[WhiteElo "2445"]
[BlackElo "2030"]

1.d4 d5 2.c4 dxc4 3.Nf3 Nf6 4.e3 e6 5.Bxc4 c5 6.O-O a6 7.Qe2 Nc6 8.Rd1 Qc7
9.Nc3 Be7 10.dxc5 Bxc5 11.b3 b5 12.Bd3 Nb4 13.Be4 Bb7 14.Bxb7 Qxb7 15.Bb2 O-O
16.Rac1 Rac8 17.Ne5 Qe7 18.a4 Bd6 19.Ng4 Nxg4 20.Qxg4 f5 21.Qe2 bxa4 22.Nxa4 Rxc1
23.Rxc1 Qh4 24.g3 Qe4 25.Rd1 Nd5 26.Nc3 Nxc3 27.Bxc3 Rc8 28.Bxg7 Kxg7 29.Rxd6 Rc2
30.Qe1 Qe5 31.Qd1 Ra2 32.Qd4 Qxd4 33.exd4 Kf6 34.d5 Ke5 35.Rxe6+ Kxd5 36.Rh6 Rb2
37.Rxh7 Rxb3 38.Ra7 Rb6 39.Kg2 Kc5 40.Kf3 Kb5 41.Kf4 a5 42.h4 a4 43.h5 Kb4
44.Kg5 a3 45.h6 Kb3 46.h7 Rb8 47.Kg6  1-0

[Event "BUL-ch"]
[Site "Pernik"]
[Date "1983.??.??"]
[Round "3"]
[White "Velikov, Petar"]
[Black "Inkiov, Ventzislav"]
[Result "1/2-1/2"]
[WhiteElo "2460"]
[BlackElo "2500"]

1.d4 Nf6 2.Nf3 d5 3.c4 dxc4 4.e3 e6 5.Bxc4 c5 6.Nc3 a6 7.a4 Nc6 8.O-O cxd4
9.exd4 Be7 10.Bg5 O-O 11.Re1 Nb4 12.Ne5 Bd7 13.Qe2 Rc8  1/2-1/2

[Event "Poznan"]
[Site "Poznan"]
[Date "1983.??.??"]
[Round "9"]
[White "Kupka, Slavoj"]
[Black "Bernard, Ryszard"]
[Result "1/2-1/2"]
[WhiteElo "2360"]
[BlackElo "2330"]

1.d4 d5 2.Nf3 Nf6 3.c4 dxc4 4.e3 e6 5.Bxc4 c5 6.O-O a6 7.dxc5 Bxc5 8.Qxd8+ Kxd8
9.a3 b5 10.Rd1+ Ke7 11.Be2 Bb7 12.b4 Bd6 13.Bb2  1/2-1/2

[Event "BCF-ch"]
[Site "Southport"]
[Date "1983.??.??"]
[Round "3"]
[White "Martin, Andrew D"]
[Black "Botterill, George Steven"]
[Result "1/2-1/2"]
[WhiteElo "2340"]
[BlackElo "2410"]

1.d4 d5 2.Nf3 Nf6 3.c4 dxc4 4.e3 e6 5.Bxc4 c5 6.O-O a6 7.Qe2 b5 8.Bd3 Nc6
9.a4 bxa4 10.Nc3 cxd4 11.exd4 Bb7 12.Bg5 Nb4 13.Be4 Bxe4 14.Nxe4 Be7 15.Rxa4 Nxe4
16.Qxe4 Nd5 17.Bxe7 Qxe7 18.Ra5 Qd6 19.Rfa1 O-O  1/2-1/2

[Event "SWE-ch"]
[Site "?"]
[Date "1983.??.??"]
[Round "?"]
[White "Hammar, Bengt"]
[Black "Ernst, Thomas"]
[Result "0-1"]
[WhiteElo "2370"]
[BlackElo "2380"]

1.Nf3 d5 2.d4 Nf6 3.c4 dxc4 4.e3 e6 5.Bxc4 c5 6.O-O a6 7.a4 Nc6 8.Nc3 Be7
9.Qe2 cxd4 10.Rd1 O-O 11.exd4 Nd5 12.Bd3 Ncb4 13.Bb1 b6 14.Qe4 g6 15.Bh6 Re8
16.Ne5 Bb7 17.Qf3 f5 18.Ne2 Rc8 19.Re1 Bg5 20.Qh3 Qe7 21.Ra3 Nc2 22.Rg3 Bxh6
23.Bxc2 Bg7 24.Bb3 Bxe5 25.dxe5 Qb4 26.Rd1 Qe4 27.Nc3 Qxe5 28.Bxd5 Bxd5 29.Re3 Qf6
30.Nxd5 exd5 31.Rxe8+ Rxe8 32.Qd3 Rd8 33.Qxa6 Qxb2 34.g3 Qb4 35.Qb7 d4 36.Rc1 d3
37.Rc8 Qe1+ 38.Kg2 Qe8 39.Qd5+ Rxd5 40.Rxe8+ Kf7 41.Re1 Rd4 42.Rd1 Ke6 43.Kf3 Kd5
44.Ke3 Re4+  0-1

[Event "URS-ch sf"]
[Site "Barnaul"]
[Date "1984.??.??"]
[Round "?"]
[White "Shaboian, V."]
[Black "Gulko, Boris F"]
[Result "1/2-1/2"]
[WhiteElo "2200"]
[BlackElo "2470"]

1.d4 d5 2.c4 dxc4 3.e3 Nf6 4.Bxc4 e6 5.Nf3 c5 6.O-O a6 7.dxc5 Bxc5 8.Qxd8+ Kxd8
9.Rd1+ Ke7 10.a3 b5 11.Be2 Bb7 12.b4 Bb6 13.Bb2 Nc6 14.Nbd2 Rhd8 15.Nb3 Rxd1+
16.Rxd1 Rd8 17.Rxd8  1/2-1/2

[Event "Lang mem 5th"]
[Site "Brno"]
[Date "1984.??.??"]
[Round "6"]
[White "Haba, Petr"]
[Black "Bernard, Ryszard"]
[Result "0-1"]
[WhiteElo "2325"]
[BlackElo "2375"]

1.d4 d5 2.c4 dxc4 3.Nf3 Nf6 4.e3 e6 5.Bxc4 c5 6.O-O a6 7.a4 Nc6 8.Qe2 cxd4
9.Rd1 d3 10.Bxd3 Qc7 11.Nc3 Bd7 12.e4 Ng4 13.Be3 Bd6 14.h3 Nxe3 15.Qxe3 Bf4
16.Qe2 Ne5 17.Bc2 Nxf3+ 18.Qxf3 Rd8 19.Rd3 O-O 20.Rad1 Be5 21.Qh5 Bxc3 22.Rxc3 Bc6
23.Rc1 Qf4 24.Re1 g6 25.Qc5 Rd2 26.Rf3 Qd6 27.Qc3 Qd4 28.a5 Rd8 29.Ree3 Qxc3
30.Rxc3 R8d4 31.b3 f5 32.Rfe3 fxe4 33.Kf1 Rb4 34.Ke1 Rdd4 35.Rc5 Kf7 36.Rec3 Rd5
37.R5c4 Rxc4 38.Rxc4 Rxa5 39.Bxe4 Bxe4 40.Rxe4 Rb5 41.b4 e5 42.Kd2 Ke6 43.Kc3 Rd5
44.Rc4 Rd1 45.Kb3 Rd3+ 46.Kc2 Rd4 47.Rc7 Rxb4 48.Rxh7 a5 49.Kc3 Rb6 50.Rh8 a4
51.Ra8 Rb3+ 52.Kc2 b5 53.h4 Rb4 54.g3 Rc4+ 55.Kd3 Kd5 56.f3 Rc6 57.g4 Rf6
58.Rd8+ Kc5 59.Ke4 Rf4+ 60.Ke3 a3  0-1

[Event "Capablanca mem-A"]
[Site "Cienfuegos"]
[Date "1984.??.??"]
[Round "?"]
[White "Meduna, Eduard"]
[Black "Nogueiras, Jesus"]
[Result "1/2-1/2"]
[WhiteElo "2475"]
[BlackElo "2470"]

1.Nf3 d5 2.d4 Nf6 3.c4 dxc4 4.e3 e6 5.Bxc4 c5 6.Nc3 a6 7.O-O b5 8.Bb3 Bb7
9.Qe2 Nbd7 10.Rd1 Bd6 11.d5 exd5 12.Nxd5 c4 13.Nxf6+ Qxf6 14.Bc2 Ne5 15.Nd4 O-O
16.Bd2 Bc5  1/2-1/2

[Event "DDR-ch (Women)"]
[Site "Eilenburg"]
[Date "1984.??.??"]
[Round "1"]
[White "Broeder, Iris"]
[Black "Wagner Michel, Annett"]
[Result "1/2-1/2"]
[WhiteElo "2130"]
[BlackElo "2080"]

1.d4 d5 2.c4 dxc4 3.Nf3 Nf6 4.e3 e6 5.Bxc4 c5 6.O-O a6 7.a4 Nc6 8.Nc3 cxd4
9.exd4 Nb4 10.Bg5 Be7 11.Qb3 Nc6 12.Rad1 Na5 13.Qa2 Nxc4 14.Qxc4 O-O 15.d5 exd5
16.Nxd5 Be6 17.Nxe7+ Qxe7  1/2-1/2